Black Ops 3 Zombies Trivia - Statistics

General Stats
  • This quiz has been taken 308 times
    304 since last reset
  • The average score is 4 of 11
Answer Stats
Questions Answer % Correct
The name of the perk that allows you to hold three weapons mule kick
86%
To access the pack a punch on The Giant you need to link the... teleporters
68%
The name of the gun that is exclusive to shadows of evil and can be bought of the tram bootlegger
66%
The name of the creator of call of duty zombies Jason Blundell
55%
The name of the magician on Shadows Of Evil nero
52%
Nikolia's birthplace Stalingrad
37%
This map is set in a swamp... zetsubo no shima
20%
Takeo's signature weapon is a... Samurai sword
13%
The city in which shadows of evil is set morge city
9%
The wonder Weapon on The Giant the annihilator
4%
On Der Eisendrache, after picking the arrow up, the next step of the wolf bow is... Linking the paintings
1%
No matching quizzes found
Score Distribution
Percent of People with Each Score
Percentile by Number Answered
Your Score History
You have not taken this quiz since the last reset